| 000 | 00627nam a2200193 i 4500 | ||
|---|---|---|---|
| 001 | 34316 | ||
| 003 | ES-MaACL | ||
| 005 | 20250826051216.0 | ||
| 007 | t| | ||
| 008 | 030204s1975 sp ||||1| spa d | ||
| 100 | 1 |
_aBloch-Laine, François. _929523 |
|
| 245 | 1 | 3 |
_aEl Tesoro público y el movimiento general de fondos / _cpor François Bloch-Laine y Pierre de Vogüé. |
| 260 |
_a[Madrid] : _bInstituto de Estudios Fiscales, _c1975. |
||
| 300 |
_a395 p. ; _c24 cm. |
||
| 650 | 7 |
_aHacienda pública _2embne _913279 |
|
| 700 | 1 |
_aVogüé, Pierre de. _9115670 |
|
| 852 |
_aES-MaACL _jL-665 _bR.101539 |
||
| 999 |
_c34316 _d34316 |
||